000 01074nam a22002537a 4500
999 _c81601
_d318878
003 OSt
005 20220821162427.0
008 220821b2014 jo ||||g |||| 00| 0 ara d
020 _a9789957524951
040 _aMa-Un
_cMa-Un
082 _221
_a155.44
_bق م إ
100 _a القمش، مصطفي نوري.
_997865
245 _aالاضرابات السلوكية والانفعالية /
_cمصطفي نوري القمش، خليل عبد الرحمن المعايطة.
246 3 1 _aBEHAVIORAL & EMOTIONAL DISORDERS
250 _aط. 1.
260 _aعمان، الأردن :
_bدار الاعصار العلمي للنشر والتوزيع،
_c2014
_m1435
300 _a338 ص. :
_bايض. ؛
_c24 سم.
504 _aيشتمل على قائمة ببليوجرافية.
650 _aالأطفال.
_xعلم نفس.
_997866
650 _aالاضطرابات النفسية.
_997867
650 _aالسلوك.
_xجوانب نفسية.
_997868
700 _a المعايطة، خليل عبد الرحمن.
_eم. مشارك.
_912455
942 _2ddc
_cBOOK